| 000 | 00374nam a2200169Ia 4500 | ||
|---|---|---|---|
| 001 | 3808 | ||
| 005 | 20250626025539.0 | ||
| 008 | 211022s9999 xx 000 0 und d | ||
| 082 | _a297 NAS | ||
| 100 | _aNasr , Seyyed Hossein | ||
| 245 | 0 | _aIdeals and Realities of Islam | |
| 260 | _aLahore | ||
| 260 | _bSuhail Academy | ||
| 260 | _c1994 | ||
| 300 | _a190 | ||
| 942 | _cBK | ||
| 999 |
_c5222 _d5222 |
||